| 000 | 00976nam a22002057a 4500 | ||
|---|---|---|---|
| 999 |
_c2195 _d2195 |
||
| 003 | AR-CdUCM | ||
| 008 | 190304b ||||| |||| 00| 0 spa d | ||
| 040 |
_aMUNICIPALIDAD PROVINCIAL DEL CUSCO _cBIBLIOTECA MUNICIPAL DEL CUSCO |
||
| 082 |
_a372 / _bOR65 |
||
| 110 |
_aEscuela superior para asuntos públicos e internacionales de la universidad de Pittsburgh _97921 |
||
| 245 | _aOrganización de escuelas e institutos de administración pública / | ||
| 260 |
_aMéxico : _bDiana, _c1972. |
||
| 300 |
_a237 páginas ; _c23 cm. |
||
| 505 | _aContenido: Papel de las escuelas e institutos de administración pública -- Determinación de funciones y programas -- Elaboración de planes de estudio y sistemas de enseñanza -- Administración de programas académicos Suministro de adiestramiento no titulado ... | ||
| 650 |
_aEducación primaria _91561 |
||
| 650 |
_aServicios educativos _91945 |
||
| 650 |
_aProgramas académicos _97922 |
||
| 942 |
_2ddc _cLIBROS |
||
| 945 | _azta | ||